| 000 | 00574nam a22001817a 4500 | ||
|---|---|---|---|
| 003 | NUST - PNEC | ||
| 005 | 20170116180822.0 | ||
| 008 | 150622b xxu||||| |||| 00| 0 eng d | ||
| 020 | _a007462220X | ||
| 040 | _cLIBRARY | ||
| 082 | _a510.3781 PRA | ||
| 100 |
_94148 _aPrakash, Ravi |
||
| 245 |
_a2000 Solved problems in mathematics: for engineering coolege, entrance examinations _cRavi Prakash, Usha Gupta |
||
| 260 |
_aNew Delhi: _bTata McGraw-Hill Publishing Company Ltd., _cc1997. |
||
| 300 |
_a852 p. : _c23 cm. |
||
| 650 |
_94150 _aMathematics _xME |
||
| 942 |
_2ddc _cBK |
||
| 999 |
_c63758 _d63758 |
||